00549nam a22002057a 450000500170000001000110001702000100002803500110003803700160004904000120006508200160007710000120009324501010010526000380020627000110024430000260025565000190028165000230030070000200032320170124110125.0 a576589 c00.00 a576589 bCen Lib/Ret aDPLbEN a953.03bSTE aStephan aConcise encyclopaedia of arabic civilization :cby Stephan [and] Nandy Ronartbthe arab east / aLondonbDjambatan Amsterdamc1966 bLondon axiii,589p. c20cm(Hb) aArab countries aCivilization, Arab aRonart, Nandy